000 00690nam a2200205Ii 4500
003 JO-AjNU
008 230605s9999||||xx |||||||||||||| ||und||
017 _a2006/19951
040 _aJO-AjNU
_bara
_erda
_cJO-AjNU
041 _aara
050 1 4 _aQA76.73.A92 2007
100 3 _aعزب، محمد عزب,
_eauthor
_934154
245 0 0 _aاعداد تطبيق الحسابات باستخدامORACLE,VB,NET C#
264 3 1 _aالقاهرة:دار الكتب العلمية ، 2007
300 _a634ص
336 _atext
_btxt
_2rdacontent
337 _aunmediated
_bn
_2rdamedia
338 _avolume
_bnc
_2rdacarrier
650 4 _aالحاسبات الالكترونية-برامج
_934155
999 _aA13972
_c17540
_d17540